000 00246nam a22001097a 4500
008 170110b xxu||||| |||| 00| 0 eng d
020 _a9781582554648
041 _aeng
080 _a618.2
245 _aEMERGENCY NURSING
_cWHITE, A
942 _2udc
_cBK
999 _c2622
_d2622